000 00478nam a22001577a 4500
005 20260417110313.0
008 260417b |||||||| |||| 00| 0 eng d
020 _a9780195658880
_qhbk
082 _a301.0720
_bSRI
100 _aNarasimhachar Srinivas, Mysore
245 _aThe Fieldworker and the Field
_b Problems and Challenges in Sociological Investigation
260 _b Oxford Univ Pr
_c‎ 21 November 2002
300 _axvii 288 p.
504 _aindex
942 _cREF
999 _c619609
_d619609